Secessionist rebellion in the former Soviet Union (Record no. 51295)

000 -LEADER
fixed length control field 01295pab a2200169 454500
008 - FIXED-LENGTH DATA ELEMENTS--GENERAL INFORMATION
fixed length control field 180718b2001 xxu||||| |||| 00| 0 eng d
100 ## - MAIN ENTRY--PERSONAL NAME
Personal name Latin, David D.
245 ## - TITLE STATEMENT
Title Secessionist rebellion in the former Soviet Union
260 ## - PUBLICATION, DISTRIBUTION, ETC.
Date of publication, distribution, etc. 2001
300 ## - PHYSICAL DESCRIPTION
Extent p.839-61
362 ## - DATES OF PUBLICATION AND/OR SEQUENTIAL DESIGNATION
Dates of publication and/or sequential designation Oct
520 ## - SUMMARY, ETC.
Summary, etc. The level of ethnic violence increased in Eurasia after the Soviet collapse. Two theories are tested to account for this increase. Horowitz's theory emphasizes psychological mechanisms affecting self-esteem. An alternative theory by Fearon and Van Houten, based on Brubaker's "triadic configuration", and relying on a commitment logic, emphasizes the level of an external homeland's support for a minority population in a nationalizing state. Tests of these theories are performed on new data collected by the author from six post- Soviet republics (Estonia, Latvia, Ukraine, Kazakhstan, Moldova, and Azerbaijan), only two of which experienced secessionist rebellion. The data do not support the predictions that wouldfollow from Horowitz's theory. The commitment theory, however, is consistent with the data and the historical record. - Reproduced.
650 ## - SUBJECT ADDED ENTRY--TOPICAL TERM
Topical term or geographic name entry element Politics and government - USSR
650 ## - SUBJECT ADDED ENTRY--TOPICAL TERM
Topical term or geographic name entry element Politics and government
773 ## - HOST ITEM ENTRY
Main entry heading Comparative Political Studies
909 ## -
-- 51295
Holdings
Withdrawn status Lost status Damaged status Not for loan Permanent Location Current Location Date acquired Serial Enumeration / chronology Barcode Date last seen Price effective from Koha item type
        Indian Institute of Public Administration Indian Institute of Public Administration 2018-07-19 Volume no: 34, Issue no: 8 AR51723 2018-07-19 2018-07-19 Articles

Powered by Koha